1609 1738 1343 1304 1920 1211 1132 1284 1361 1600 1632 1794 1533 1277 1329 1308 1127 1868 1634 1206 1287 1467 1570 1333 1650 1576 1706 1288 1691 1281 1208 1959 1637 1806 1998 1825 1429 1705 1043 1930 1972 1974 1876 1917 1828 1587 1788 1371 1371 1696 1188 1654 1813 1616 1396 1549 1051 1044 1786 1494 1159 1649 1628 1372 1196 1368 1589 1001 1379 1257 1162 1142 1328 1141 1148 1727 1717 1256 1396 1343 1696 1978 1733 1686 1597 1887 1748 1974 1216 1189 1750 1674 1292 1812 1558 1281 1867 1539 1237 BCNSPRNW ULIB Ver.6.0+V

เปลี่ยนเป็นภาษาไทย

Change to English
 แสดงรายละเอียดบรรณานุกรม
  กลับหน้าหลัก

Brief Record : Get Marc (ISO 2709) : E-mail record : QR code < ปิดหน้าต่าง
LEADER : 00000nam 2200000uu 4500
001    13399114009
003     ULIB
008    120125s2545||||th 000 0 tha d
020    ^a9742944458
060 04 ^aWA546^bส712ศ 2545
245 00 ^aศูนย์สุขภาพชุมชน:หนทางสู่ระบบบริการที่พึงประสงค์ /^cสำเริง แหยงกระโทก ,รุจิรา มังคละศิริ,บรรณาธิการ
260    ^a[นครราชสีมา :^bสำนักงานสาธารณสุขจังหวัดนครราชสีมา], 2545
300    ^a220 หน้า.
650  7 ^aศูนย์สุขภาพชุมชน
700 0  ^aสำเริง แหยงกระโทก,^eบรรณาธิการ
700 0  ^aรุจิรา มังคละศิริ,^eบรรณาธิการ
710 2  ^aสำนักงานสาธารณสุขจังหวัดนครราชสีมา
945    ^p150^l0^i11532
945    ^p150^l0^i11533
945    ^p150^l0^i11531
995    ^aกัณชพร
999    ^aใช้งานได้ทุกระบบ
รายการนี้ยังไม่มีแท็ก
คุณยังไม่ได้ล็อกอิน คุณสามารถมีกิจกรรมร่วมกับเว็บไซต์ได้ แต่ต้องล็อกอินก่อน ::
  ล็อกอิน

รายการสื่อสารสนเทศ

ลำดับที่ ประเภท เลขเรียก/บาร์โค้ด สถานที่ สถานะ
- ไม่พบข้อมูล -

รายการใกล้เคียง
    หัวเรื่อง [ศูนย์สุขภาพชุมชน]

BibComment


ยังไม่เคยถูกคอมเมนท์

คอมเมนท์ทรัพยากรรายการนี้
  คอมเมนท์: ศูนย์สุขภาพชุมชน..


 Copyright 2026. Bcnsprnw @Library